书目信息 |
| 题名: |
2005年全国建造师执业资格考试复习题解
|
|
| 作者: | 张华春 , 李富强 主编 | |
| 分册: | 公路工程专业 | |
| 出版信息: | 北京 科学出版社 2005.02 |
|
| 页数: | 233页 | |
| 开本: | 26cm | |
| 丛书名: | ||
| 单 册: | ||
| 中图分类: | TU-44 , U41-44 | |
| 科图分类: | ||
| 主题词: | 公路工程--gong lu gong cheng--建筑师--资格考核--题解 | |
| 电子资源: | ||
| ISBN: | 7-03-014895-9 | |
| 000 | 01094nam0 2200277 450 | |
| 001 | 012006608906 | |
| 005 | 20060303113610.87 | |
| 010 | @a7-03-014895-9@dCNY32.00 | |
| 100 | @a20060303d2005 km y0chiy0121 ea | |
| 101 | 0 | @achi |
| 102 | @aCN@b110000 | |
| 105 | @aa z 000yy | |
| 200 | 1 | @a2005年全国建造师执业资格考试复习题解@A2005 nian quan guo jian zao shi zhi ye zi ge kao shi fu xi ti jie@i公路工程专业@f本书编委会编@Fben shu bian wei hui bian |
| 210 | @a北京@c科学出版社@d2005.02 | |
| 215 | @a233页@c图@d26cm | |
| 300 | @a供一、二级使用 | |
| 304 | @a主编取自书中。 | |
| 330 | @a本书按照2005年全国一、二级建造师执业资格(公路工程专业)考试大纲规定的内容及教材内容编写。以考试大纲要求的了解、熟悉、掌握三个不同层次有所侧重地进行选题,对相应的习题做了详细的解释。 | |
| 517 | 1 | @a公路工程专业@Agong lu gong cheng zhuan ye |
| 606 | 0 | @a公路工程@Agong lu gong cheng@x建筑师@x资格考核@x题解 |
| 690 | @aTU-44@v4 | |
| 690 | @aU41-44@v4 | |
| 701 | 0 | @a张华春@Azhang hua chun@4主编 |
| 701 | 0 | @a李富强@Ali fu qiang@4主编 |
| 801 | 0 | @aCN@bQSSK@c20060303 |
| 905 | @a10447@dTU-44@eZ110 | |
| 2005年全国建造师执业资格考试复习题解.公路工程专业/本书编委会编.-北京:科学出版社,2005.02 |
| 233页:图;26cm |
| 供一、二级使用 |
| ISBN 7-03-014895-9:CNY32.00 |
| 本书按照2005年全国一、二级建造师执业资格(公路工程专业)考试大纲规定的内容及教材内容编写。以考试大纲要求的了解、熟悉、掌握三个不同层次有所侧重地进行选题,对相应的习题做了详细的解释。 |
| ● |
| 相关链接 |
|
|
|
正题名:2005年全国建造师执业资格考试复习题解
索取号:TU-44/Z110
 
预约/预借
| 序号 | 登录号 | 条形码 | 馆藏地/架位号 | 状态 | 备注 |
| 1 | 554063 | 205540636 | 建筑库101/101建筑库 12排2列2层/ [索取号:TU-44/Z110] | 在馆 | |
| 2 | 554064 | 205540645 | 建筑库101/101建筑库 12排2列2层/ [索取号:TU-44/Z110] | 在馆 | |
| 3 | 554065 | 205540654 | 建筑库101/101建筑库 12排2列2层/ [索取号:TU-44/Z110] | 在馆 |